Limits of the global village: Globalization, Nations and the state (Record no. 41090)

MARC details
000 -LEADER
fixed length control field 00404nam a2200121Ia 4500
082 ## - DEWEY DECIMAL CLASSIFICATION NUMBER
Classification number 339
Item number GOM
100 ## - MAIN ENTRY--AUTHOR NAME
Personal name Gomez Buendia, Hernando
245 #0 - TITLE STATEMENT
Title Limits of the global village: Globalization, Nations and the state
260 ## - PUBLICATION, DISTRIBUTION, ETC. (IMPRINT)
Place of publication Finland
Name of publisher UNU World Institute for Development Economic Research
Year of publication 1995
490 ## - SERIES STATEMENT
Series statement World development studies 5
942 ## - ADDED ENTRY ELEMENTS (KOHA)
Koha item type Books
Holdings
Withdrawn status Lost status Damaged status Not for loan Home library Current library Date acquired Cost, normal purchase price Full call number Accession Number Koha item type
        RRII Library RRII Library 16/12/2021 12.00 339 GOM 21382 Books